| 000 | 00626nam a2200217Ia 4500 | ||
|---|---|---|---|
| 001 | 3022 | ||
| 003 | GE_BSU | ||
| 008 | 181216s||||||||xx |||||||||||||| ||und|| | ||
| 020 | _a5887700068 | ||
| 040 | _cGE_BSU | ||
| 080 | _a330.101 | ||
| 100 | _aДолан,Э.Дж. Д.Е. Линдсей. | ||
| 245 | _aМикроэкономика | ||
| 245 | _cЭ.Дж. Долан, Д.Е. Линдсей.; Под общ. ред. Б. Лисовика и В. Лукашевича. | ||
| 260 | _aСПб | ||
| 260 | _c1994 | ||
| 300 | _a448 с. 20 см. | ||
| 541 | _h8 л. 85 т. | ||
| 653 | _aМикроэкономика | ||
| 942 | _cBK | ||
| 999 |
_c37068 _d37068 |
||